Biblioteca

El viaje del elefante (Registro nro. 66095)

Detalles MARC
000 -LÍDER
Campo fijo de descripción fija 01456nam a2200325 i 4500
001 - NÚMERO DE CONTROL
Campo de control 768714001
003 - IDENTIFICADOR DEL NÚMERO DE CONTROL
Campo de control CO-MdFUSB
005 - FECHA Y HORA DE LA ULTIMA TRANSACCIÓN
control field 20210414112910.0
007 - CAMPO FIJO DE DESCRIPCIÓN FIJA--INFORMACIÓN GENERAL
Campo fijo de descripción fija ta
008 - ELEMENTOS DE LONGITUD FIJA -- INFORMACIÓN GENERAL
Campo fijo de descripción fija -- Información general 200611t2008 ck |||| |||| 00| 0 spa d
020 ## - NÚMERO INTERNACIONAL NORMALIZADO PARA LIBROS
Número Internacional Normalizado del libro 9789587048018
040 ## - FUENTE DE CATALOGACIÓN
Agencia de catalogación original CO-MdFUSB
Idioma de catalogación spa
Agencia que realiza la transcripción CO-MdFUSB
Agencia que realiza la modificación CO-MdFUSBC
Convenciones de la descripción rda
041 ## - CÓDIGO DE IDIOMA
Código de idioma para texto/pista de sonido o título separado spa
Código de idioma original por
082 ## - NÚMERO DE CLASIFICACIÓN DECIMAL DEWEY
Número de la edición del Dewey 23
Número de clasificación 869.342
Clave de autor-Numero de item SA243
100 ## - ASIENTO PRINCIPAL--NOMBRE PERSONAL
Nombre personal Saramago, José
Fechas asociadas con el nombre 1922-2010
Término relacionador autor
240 ## - TITULO UNIFORME
Título uniforme <a href="A viagem do elefante">A viagem do elefante</a>
245 #3 - TÍTULO
Título del Material El viaje del elefante
Mención de responsabilidad, etc. / José Saramago ; traducido por Pilar del Rio
264 #1 - PRODUCCIÓN, PUBLICACIÓN, DISTRIBUCIÓN, MANUFACTURA, Y COPYRIGHT
Lugar de producción, publicación, distribución, manufactura Bogotá, Colombia :
Nombre del productor, publicador, distribuidor Alfaguara,
Fecha de producción, publicación, distribución, manufactura, o copyright [2008]
264 #4 - PRODUCCIÓN, PUBLICACIÓN, DISTRIBUCIÓN, MANUFACTURA, Y COPYRIGHT
Fecha de producción, publicación, distribución, manufactura, o copyright ©2008
300 ## - DESCRIPCIÓN FÍSICA
Dimensiones 270 páginas ;
Extensión 21 cm
336 ## - TIPO DE CONTENIDO
Fuente rdacontent
Término de tipo de contenido texto
Código de tipo de contenido txt
337 ## - TIPO DE MEDIO
Fuente rdamedia
Nombre del tipo de medio sin mediación
Código del tipo de medio n
338 ## - TIPO DE SOPORTE
Fuente rdacarrier
Nombre del tipo de soporte volumen
Código Tipo de soporte nc
520 3# - NOTA DE RESUMEN, ETC.
Nota de sumario, etc. A medida del siglo XVI el rey Juan III ofrece a su primo, el archiduque Maximiliano de Austria, un elefante asiático. Esta novela cuenta el viaje épico de es elefante llamado Salomón que tuvo que recorrer Europa por caprichos reales y absurdas estrategias. <br/> <br/>Novela basada en el viaje real de un elefante llamado Salomón mientras recorría Europa a mediados del siglo XVI. Fue un regalo del rey Juan III al archiduque Maximiliano de Austria. La historia está contada con humor e ironía.
563 ## - NOTA DE ENCUADERNACIÓN
Nota de encuadernación Rústico
650 #7 - ASIENTO SECUNDARIO DE MATERIA - TERMINO TEMÁTICO
Fuente del encabezamiento o término embne
9 (RLIN) 2265
Término temático o nombre geográfico como elemento de entrada Literatura hispanoamericana
700 ## - ASIENTO SECUNDARIO - NOMBRE PERSONAL
9 (RLIN) 5110
Nombre personal Río, Pilar del,
Responsabilidad traductor
942 ## - TIPO DE MATERIAL (KOHA)
Tipo de Item KOHA Libros General
945 ## - INFORMACIÓN LOCAL DEL REGISTRO
Catalogador Dani
Existencias
Estado de Material Estado de Perdido Forma de Clasificación Estado de Dañado No para Préstamo Colección Biblioteca de Origen Biblioteca Permanente Fecha de Adquisición Área Total de Préstamos Signatura Topográfica Código de Barras Última vez visto Ejemplar/Existencia Fecha de Remplazo Tipo de Material
    Dewey Decimal Classification     Colección General Biblioteca FUSBC Biblioteca FUSBC 11/06/2020 LITERATURA   G 869.342 SA243v 5722 11/06/2020 Ej.1 11/06/2020 Libros General

Biblioteca FUSBC | Teléfono: (57+4) 349 88 10 Ext. 141| WhatsApp (+57) 3005338115 
E-mail: biblioteca@unisbc.edu.co | Calle 76 87-14 Robledo Palenque, Medellín, Colombia

Con tecnología Koha